Evolution of strategy : (Record no. 15665)

000 -LEADER
fixed length control field 00597nam a2200181 a 4500
001 - CONTROL NUMBER
control field ASIN8182743583
005 - DATE AND TIME OF LATEST TRANSACTION
control field 20170105102923.0
008 - FIXED-LENGTH DATA ELEMENTS--GENERAL INFORMATION
fixed length control field 131209s2008 xxu eng d
020 ## - INTERNATIONAL STANDARD BOOK NUMBER
International Standard Book Number 8182743583 (hardcover)
Terms of availability $65.95
020 ## - INTERNATIONAL STANDARD BOOK NUMBER
International Standard Book Number 9788182743588 (hardcover)
040 ## - CATALOGING SOURCE
Original cataloging agency 0
100 1# - MAIN ENTRY--PERSONAL NAME
Personal name Singh, Col. Harjeet.
245 10 - TITLE STATEMENT
Title Evolution of strategy :
Remainder of title from sun tzu to clausewitz /
Statement of responsibility, etc. Col. Harjeet Singh.
260 ## - PUBLICATION, DISTRIBUTION, ETC.
Place of publication, distribution, etc. [S.l.] :
Name of publisher, distributor, etc. Pentagon Press,
Date of publication, distribution, etc. 2008.
300 ## - PHYSICAL DESCRIPTION
Extent 300 p. ;
Dimensions 24 cm.
856 40 - ELECTRONIC LOCATION AND ACCESS
Materials specified Amazon.com
Uniform Resource Identifier <a href="http://www.amazon.com/exec/obidos/ASIN/8182743583/chopaconline-20">http://www.amazon.com/exec/obidos/ASIN/8182743583/chopaconline-20</a>
942 ## - ADDED ENTRY ELEMENTS (KOHA)
Source of classification or shelving scheme
Koha item type Book
Holdings
Withdrawn status Lost status Source of classification or shelving scheme Damaged status Not for loan Collection code Permanent Location Current Location Shelving location Date acquired Total Checkouts Full call number Barcode Date last seen Price effective from Koha item type
            Centre for International Peace & Stability (CIPS) Centre for International Peace & Stability (CIPS) General Stacks 09/10/2013   355 HAR 2008 CIPS0001233 07/24/2017 07/24/2017 Book
© 2023 Central Library, National University of Sciences and Technology. All Rights Reserved.